00503nam a22001457a 4500003000500000038001800005082000800023100001800031245013300049264002200182300002400204650003700228700003500265856005700300NUST aNusrat Nadeem a200 aBatool Daniya aA MIXED METHOD ANALYSIS: HOW DOES REDUCING HEALTH INEQUALITY CONTRIBUTES TO TRANSFORMING HEALTH SYSTEM OUTCOMES?/cDaniya Batool aIslamabad,c2023. aill:b88,p:c30,cm. aMS- Government and Public Policy aSupervisor: Dr. Ume Laila Shah uhttp://10.250.8.41:8080/xmlui/handle/123456789/39413